000 00702nam a2200217Ii 4500
003 JO-AjNU
008 230605s9999||||xx |||||||||||||| ||und||
017 _a2004/11/2793
020 _a9957-32-071-8
040 _aJO-AjNU
_bara
_erda
_cJO-AjNU
041 _aara
050 1 4 _aQA76.73.B3.A5922 2005
100 3 _aالعاني، سعد عبد العزيز,
_eauthor
_929162
245 0 0 _aتطبيقات في لغة فيجوال بيسك
264 3 1 _aعمان:دار الحامد، 2005
300 _a372ص
336 _atext
_btxt
_2rdacontent
337 _aunmediated
_bn
_2rdamedia
338 _avolume
_bnc
_2rdacarrier
650 4 _aالبرمجيات الجاهزة -الحواسيب
_929163
999 _aA11402
_c14970
_d14970